[Event "European Youth Chess Championship B10"]
[Site "Prague, Top Hotel Prague"]
[Date "2016.08.22"]
[Round "5.56"]
[White "Graf, Simon"]
[Black "Zlatkov, Anton"]
[Result "1/2-1/2"]
[WhiteElo "1527"]
[BlackElo "1196"]
[PlyCount "58"]
[EventDate "2016.08.18"]

1. e4 e5 2. Nf3 Nc6 3. d4 exd4 4. Bc4 Nf6 5. e5 d5 6. Bb5 Ne4 7. Nxd4 Bc5 8.
Be3 Bxd4 9. Bxc6+ bxc6 10. Qxd4 c5 11. Qd3 O-O 12. O-O a5 13. Rd1 Bb7 14. f3 d4
15. Qa3 Qe7 16. Bxd4 Qd7 17. fxe4 cxd4 18. c3 d3 19. Nd2 Rfd8 20. Rf1 Qb5 21.
Qb3 Qxb3 22. axb3 Re8 23. Rf3 Rxe5 24. Rxd3 h6 25. Re1 Rae8 26. Rd7 Bxe4 27.
Nxe4 Rxe4 28. Rxe4 Rxe4 29. Rxc7 Re2 1/2-1/2

[Event "European Youth Chess Championship B10"]
[Site "Prague, Top Hotel Prague"]
[Date "2016.08.22"]
[Round "5.57"]
[White "Dias, Savin"]
[Black "Andreev, Konstantin"]
[Result "1-0"]
[WhiteElo "1516"]
[BlackElo "1206"]
[PlyCount "115"]
[EventDate "2016.08.18"]

1. d4 d5 2. c4 c6 3. Nf3 Nf6 4. Qc2 Nbd7 5. Bg5 e6 6. e3 Be7 7. Nc3 O-O 8. Rc1
b6 9. Bd3 dxc4 10. Bxc4 Bb7 11. O-O c5 12. Be2 cxd4 13. Nxd4 Rc8 14. Rfd1 h6
15. Bxf6 Bxf6 16. Bb5 Qe7 17. Nxe6 Bxc3 18. bxc3 Qxe6 19. Bxd7 Qf6 20. Bxc8
Rxc8 21. e4 Qh4 22. f3 Rc6 23. Rd2 g5 24. Rd8+ Kg7 25. Qf2 Qf4 26. Qd4+ Rf6 27.
Rd1 g4 28. Rd6 gxf3 29. Qxf6+ Qxf6 30. Rxf6 Kxf6 31. gxf3 Bc8 32. Kf2 Be6 33.
a3 Kg5 34. Kg3 f5 35. h4+ Kf6 36. exf5 Kxf5 37. Rd4 h5 38. Rb4 Bd7 39. Kf2 b5
40. Ke3 a5 41. Rd4 Bc6 42. Rd6 Be8 43. Rd5+ Ke6 44. Rg5 Kd6 45. Kd4 a4 46. f4
Kc6 47. f5 Bf7 48. Rg6+ Bxg6 49. fxg6 b4 50. cxb4 Kd6 51. g7 Kd7 52. g8=Q Ke7
53. Ke5 Kd7 54. Qe6+ Kd8 55. Qf7 Kc8 56. Kd6 Kb8 57. Kc6 Ka8 58. Qb7# 1-0

[Event "European Youth Chess Championship B10"]
[Site "Prague, Top Hotel Prague"]
[Date "2016.08.22"]
[Round "5.58"]
[White "Sorensen, Marius Boss"]
[Black "Guri, Adrian"]
[Result "1-0"]
[WhiteElo "1447"]
[BlackElo "1202"]
[PlyCount "20"]
[EventDate "2016.08.18"]

1. e4 c6 2. d4 d5 3. exd5 cxd5 4. c4 e6 5. Nc3 g6 6. Be3 Bg7 7. Nf3 Nc6 8. Bd3
Nf6 9. O-O O-O 10. Ne2 Qe8 1-0

[Event "European Youth Chess Championship B10"]
[Site "Prague, Top Hotel Prague"]
[Date "2016.08.22"]
[Round "5.59"]
[White "Simon, Leonard"]
[Black "Yudin, Yakov"]
[Result "1/2-1/2"]
[WhiteElo "1135"]
[BlackElo "1407"]
[PlyCount "65"]
[EventDate "2016.08.18"]

1. c4 Nf6 2. Nc3 d6 3. Nf3 g6 4. e4 Bg7 5. d4 Nbd7 6. Bg5 O-O 7. Qd2 e5 8. d5
Nc5 9. Bd3 a5 10. O-O Qd7 11. h3 Ne8 12. Rad1 Nxd3 13. Qxd3 f5 14. exf5 Qxf5
15. Qxf5 Bxf5 16. Rfe1 Nf6 17. Nb5 Rf7 18. Bxf6 Bxf6 19. b3 Raf8 20. Rd2 Bd8
21. a4 g5 22. Nc3 g4 23. hxg4 Bxg4 24. Nh2 Bh5 25. Ne4 b6 26. Re3 Rg7 27. Rh3
Bg6 28. Nc3 Rf5 29. Nf3 Rh5 30. Rxh5 Bxh5 31. Nh2 Kf7 32. Ne4 h6 33. g3 1/2-1/2

[Event "European Youth Chess Championship B10"]
[Site "Prague, Top Hotel Prague"]
[Date "2016.08.22"]
[Round "5.60"]
[White "Pilalis, Ernestos"]
[Black "Sahinoz, Giulio O"]
[Result "0-1"]
[WhiteElo "1107"]
[BlackElo "1385"]
[PlyCount "58"]
[EventDate "2016.08.18"]

1. e4 c5 2. Nf3 d6 3. Bb5+ Bd7 4. Bxd7+ Nxd7 5. O-O Ngf6 6. Nc3 e6 7. Re1 Be7
8. b3 O-O 9. Bb2 a6 10. a4 Qc7 11. d4 cxd4 12. Nxd4 Rac8 13. f4 Qb6 14. Kh1
Rfd8 15. h3 Bf8 16. Nf3 g6 17. e5 dxe5 18. fxe5 Nxe5 19. Qc1 Nxf3 20. gxf3 Bg7
21. Ne2 Nd5 22. Bxg7 Kxg7 23. Qb2+ Kg8 24. c4 Ne7 25. Qf6 Nf5 26. Qb2 Rxc4 27.
a5 Qb4 28. Qb1 Rcc8 29. Ra4 Qe7 0-1

[Event "European Youth Chess Championship B10"]
[Site "Prague, Top Hotel Prague"]
[Date "2016.08.22"]
[Round "5.61"]
[White "Ruggiero, Alessandro"]
[Black "Fava, Achille"]
[Result "0-1"]
[WhiteElo "1102"]
[BlackElo "1364"]
[PlyCount "56"]
[EventDate "2016.08.18"]

1. e4 e5 2. Nf3 Nc6 3. Bb5 Bc5 4. d3 d6 5. Nc3 Bd7 6. Nd5 Nge7 7. Nxe7 Nxe7 8.
Bxd7+ Qxd7 9. O-O O-O-O 10. a4 f5 11. exf5 Qxf5 12. Bg5 Rde8 13. Bxe7 Rxe7 14.
Qd2 Rf7 15. b4 Bd4 16. Nxd4 exd4 17. f3 h5 18. Rfb1 g5 19. a5 g4 20. fxg4 hxg4
21. b5 Qh5 22. g3 Rf3 23. Qg2 Rhf8 24. a6 bxa6 25. bxa6 Rf2 26. Rb8+ Kd7 27.
Qh1 R8f3 28. Rb7 Qh3 0-1

[Event "European Youth Chess Championship B10"]
[Site "Prague, Top Hotel Prague"]
[Date "2016.08.22"]
[Round "5.62"]
[White "Juchelka, Marek"]
[Black "Shelukhin, Ivan"]
[Result "1-0"]
[WhiteElo "1362"]
[BlackElo "1158"]
[PlyCount "153"]
[EventDate "2016.08.18"]

1. e4 e5 2. Nf3 Nc6 3. Bb5 a6 4. Ba4 Nf6 5. O-O Be7 6. Re1 b5 7. Bb3 O-O 8. c3
d6 9. d3 Bg4 10. Nbd2 Na5 11. Nf1 Nxb3 12. axb3 Nd7 13. h3 Be6 14. d4 exd4 15.
cxd4 d5 16. e5 h6 17. Ng3 f6 18. Qd3 Bf7 19. e6 Nb6 20. exf7+ Rxf7 21. Nf5 Bb4
22. Bd2 Bxd2 23. Qxd2 Qd7 24. Ng3 Re8 25. Rxe8+ Qxe8 26. Qe1 Re7 27. Qd2 Qc8
28. Re1 Qd8 29. Rxe7 Qxe7 30. Qe2 Kf7 31. Qxe7+ Kxe7 32. Kf1 Nd7 33. Nf5+ Kf7
34. Ke2 a5 35. Kd3 h5 36. Ne3 c6 37. Kc3 b4+ 38. Kd3 g6 39. Nh4 Nf8 40. g3 Ne6
41. Nf3 Kg7 42. Ng2 Kf7 43. Ke3 Kg7 44. Nf4 Kf7 45. Nxe6 Kxe6 46. Ne1 Kd6 47.
Nd3 Kd7 48. Nf4 g5 49. Nxh5 Ke7 50. f4 Kf7 51. fxg5 fxg5 52. g4 Kg6 53. Ng3 Kf6
54. Nh1 Ke6 55. Nf2 Kd6 56. Nd3 Kd7 57. Ne5+ Ke6 58. Nxc6 Kd6 59. Ne5 Ke6 60.
Kf3 Ke7 61. Kg3 Kf6 62. h4 gxh4+ 63. Kxh4 Kg7 64. Nc6 Kg6 65. Nxa5 Kh6 66. Nc6
Kg6 67. Nxb4 Kh6 68. Nxd5 Kg6 69. b4 Kh6 70. b5 Kg6 71. b6 Kh6 72. b7 Kg6 73.
b8=Q Kh6 74. Qd6+ Kh7 75. g5 Kg8 76. Nf6+ Kh8 77. Qf8# 1-0

[Event "European Youth Chess Championship B10"]
[Site "Prague, Top Hotel Prague"]
[Date "2016.08.22"]
[Round "5.65"]
[White "Dieguez, Novoa Benjamin"]
[Black "Springis, Jevgenijs"]
[Result "0-1"]
[WhiteElo "1068"]
[BlackElo "1261"]
[PlyCount "42"]
[EventDate "2016.08.18"]

1. e4 b6 2. d4 Bb7 3. Nc3 e6 4. Nf3 Nf6 5. e5 Nd5 6. Nxd5 Bxd5 7. Bd3 c5 8. c3
Qc7 9. Bf4 a6 10. Qd2 b5 11. O-O Qb7 12. Be2 a5 13. h3 h6 14. a3 c4 15. Rfe1 b4
16. Rab1 Nc6 17. Qc1 Rc8 18. b3 Be4 19. Ra1 cxb3 20. axb4 axb4 21. cxb4 Bxb4
0-1

[Event "European Youth Chess Championship B10"]
[Site "Prague, Top Hotel Prague"]
[Date "2016.08.22"]
[Round "5.70"]
[White "Fleri, Luke"]
[Black "Tajovsky, Simon"]
[Result "0-1"]
[WhiteElo "1145"]
[BlackElo "1106"]
[PlyCount "50"]
[EventDate "2016.08.18"]

1. e4 c6 2. d4 d5 3. e5 Bf5 4. Bd3 Bxd3 5. Qxd3 e6 6. Nf3 c5 7. c3 Nd7 8. Bg5
Be7 9. Bxe7 Nxe7 10. O-O O-O 11. c4 Rc8 12. Na3 a6 13. Ng5 g6 14. Qh3 h5 15. g4
Nc6 16. Nf3 Nxd4 17. Nxd4 cxd4 18. gxh5 Qg5+ 19. Qg3 Qxh5 20. cxd5 exd5 21.
Rfe1 Rfe8 22. Rad1 Nxe5 23. Rxd4 Nf3+ 24. Kf1 Rxe1+ 25. Kg2 Rg1# 0-1

[Event "European Youth Chess Championship B10"]
[Site "Prague, Top Hotel Prague"]
[Date "2016.08.24"]
[Round "6.1"]
[White "Vasilyev, Alexey"]
[Black "Siniauski, Artsiom"]
[Result "1/2-1/2"]
[WhiteElo "1838"]
[BlackElo "1840"]
[PlyCount "145"]
[EventDate "2016.08.18"]

1. d4 Nf6 2. Nf3 d5 3. c4 c6 4. e3 g6 5. Nc3 Bg7 6. Be2 O-O 7. O-O e6 8. b3 b6
9. Bb2 Bb7 10. Qc2 Nbd7 11. Rfd1 Qe7 12. Rac1 Rac8 13. e4 Nxe4 14. Nxe4 dxe4
15. Qxe4 Nf6 16. Qh4 Rfe8 17. Rc3 Nh5 18. Qxe7 Rxe7 19. g3 Nf6 20. Rcd3 Ne4 21.
Nd2 Nd6 22. Bf3 Rd7 23. g4 Rcd8 24. Nf1 Nc8 25. Ne3 Ne7 26. Ba3 Bf6 27. Kf1 g5
28. Bxe7 Bxe7 29. Ke2 Bf6 30. d5 cxd5 31. cxd5 Be5 32. dxe6 Rxd3 33. Rxd3 Ba6
34. Nc4 Bxc4 35. bxc4 Re8 36. exf7+ Kxf7 37. Bd5+ Kf8 38. Rf3+ Bf4+ 39. Kd3 Kg7
40. h4 h6 41. hxg5 hxg5 42. Rh3 a5 43. Rh1 Bd6 44. Be4 Bc5 45. Rh7+ Kf6 46. f3
Rd8+ 47. Kc2 Rd4 48. Kc3 Ke5 49. Rf7 Bb4+ 50. Kb3 Bd2 51. Rf5+ Ke6 52. Bd5+ Kd7
53. Rf7+ Kc8 54. Ka4 Be3 55. Kb5 Rd2 56. Kc6 Kd8 57. a4 Ra2 58. Rf5 Rh2 59. Re5
Rh6+ 60. Kb5 Bf4 61. Re4 Rd6 62. Bc6 Kc7 63. Re7+ Kd8 64. Rb7 Be3 65. Rxb6 Bxb6
66. Kxb6 Re6 67. Kb5 Kc7 68. Bd5 Re2 69. Kxa5 Rb2 70. c5 Rb1 71. Be4 Rb2 72.
Bd5 Rb1 73. Be4 1/2-1/2

[Event "European Youth Chess Championship B10"]
[Site "Prague, Top Hotel Prague"]
[Date "2016.08.24"]
[Round "6.2"]
[White "Murzin, Volodar"]
[Black "Kostolansky, Sebastian Lukas"]
[Result "1/2-1/2"]
[WhiteElo "2080"]
[BlackElo "2015"]
[PlyCount "128"]
[EventDate "2016.08.18"]

1. Nf3 d5 2. g3 Nf6 3. Bg2 g6 4. O-O Bg7 5. c4 c6 6. cxd5 cxd5 7. Nc3 O-O 8. d4
Nc6 9. Bf4 Bf5 10. Ne5 Qb6 11. Na4 Qa6 12. e3 Rac8 13. Nc5 Qb6 14. Nxc6 Rxc6
15. Qe2 Rd8 16. a4 Nh5 17. Bg5 Nf6 18. a5 Qc7 19. b4 Ne4 20. Bxe4 dxe4 21. Rac1
a6 22. f3 exf3 23. Qxf3 f6 24. Bf4 e5 25. dxe5 fxe5 26. Bg5 Rf8 27. Qd5+ Qf7
28. e4 Qxd5 29. exd5 Rc7 30. d6 Rcf7 31. Be7 Rb8 32. Rcd1 Bf8 33. Bxf8 Kxf8 34.
d7 Rd8 35. Rd5 e4 36. Rf4 e3 37. Kf1 Bg4 38. Ke1 Rxf4 39. gxf4 Ke7 40. Re5+ Kf8
41. Rd5 Ke7 42. Nxb7 Rxd7 43. Rxd7+ Kxd7 44. Nc5+ Kc6 45. Nxa6 Kb5 46. Nc7+
Kxb4 47. a6 Kc5 48. a7 Bf3 49. a8=Q Bxa8 50. Nxa8 Kc6 51. Ke2 Kb7 52. Kxe3 Kxa8
53. Ke4 Kb7 54. Ke5 Kc6 55. h4 Kd7 56. Kf6 Kd6 57. Kf7 Kd5 58. Kf6 Kd6 59. Kg7
Ke6 60. Kh6 Kf6 61. Kxh7 Kf7 62. Kh8 Kf8 63. Kh7 Kf7 64. Kh6 Kf6 1/2-1/2

[Event "European Youth Chess Championship B10"]
[Site "Prague, Top Hotel Prague"]
[Date "2016.08.24"]
[Round "6.3"]
[White "Davtyan, Arsen"]
[Black "Ponomarev, Grigori"]
[Result "0-1"]
[WhiteElo "1752"]
[BlackElo "1978"]
[PlyCount "70"]
[EventDate "2016.08.18"]

1. d4 Nf6 2. Nf3 g6 3. Bf4 Bg7 4. e3 O-O 5. h3 d6 6. c4 c5 7. Nc3 cxd4 8. exd4
d5 9. Be2 Be6 10. c5 Nc6 11. O-O Ne4 12. Bb5 Qa5 13. Bxc6 Nxc3 14. bxc3 bxc6
15. Qb3 Bf5 16. Rad1 Qa6 17. Rfe1 e5 18. Bc1 e4 19. Nh2 Rab8 20. Qa3 Qxa3 21.
Bxa3 Rb5 22. Nf1 Ra5 23. Bb4 Ra4 24. a3 a5 25. Ne3 axb4 26. axb4 Be6 27. Rc1
Bh6 28. Rb1 Bxe3 29. fxe3 Bd7 30. Rec1 Rfa8 31. c4 dxc4 32. Rxc4 Ra2 33. Rbc1
Rb2 34. R1c2 Raa2 35. Rxb2 Rxb2 0-1

[Event "European Youth Chess Championship B10"]
[Site "Prague, Top Hotel Prague"]
[Date "2016.08.24"]
[Round "6.4"]
[White "Razafindratsima, Timothe"]
[Black "Rozen, Eytan"]
[Result "1-0"]
[WhiteElo "1938"]
[BlackElo "1702"]
[PlyCount "117"]
[EventDate "2016.08.18"]

1. e4 e5 2. Nf3 Nc6 3. Bb5 a6 4. Ba4 Nf6 5. d3 b5 6. Bb3 Bc5 7. Nc3 d6 8. Nd5
h6 9. a3 Rb8 10. c3 Ba7 11. h3 Be6 12. O-O O-O 13. Bd2 Nd7 14. Ba2 Nc5 15. Be3
Na4 16. Qd2 Rb7 17. Bxh6 Ne7 18. Bg5 Bxd5 19. Bxd5 Rb8 20. Nh4 Qd7 21. Bxe7
Qxe7 22. Ng6 Qf6 23. Nxf8 Rxf8 24. b4 Rc8 25. Bb3 Nb6 26. Kh2 c5 27. Rad1 Bb8
28. g3 Qf3 29. Qe3 Qxe3 30. fxe3 c4 31. Bc2 cxd3 32. Rxd3 Nc4 33. Bb3 Kf8 34.
Kg2 Ke7 35. a4 f6 36. axb5 axb5 37. Bxc4 Rxc4 38. Rd5 Rxc3 39. Rxb5 Bc7 40. Kf3
Kd7 41. Rd1 Rc6 42. Ra1 Rc4 43. Ra6 Rc1 44. Rd5 Ke6 45. Rd2 f5 46. exf5+ Kxf5
47. b5 e4+ 48. Kg2 Rb1 49. Rc2 Bd8 50. Rxd6 Bf6 51. b6 Be5 52. g4+ Kg5 53. Rd5
Kh4 54. Rxe5 g5 55. Re8 Rg1+ 56. Kxg1 Kg3 57. Rf2 Kxh3 58. Rg2 Kh4 59. Rh8# 1-0

[Event "European Youth Chess Championship B10"]
[Site "Prague, Top Hotel Prague"]
[Date "2016.08.24"]
[Round "6.5"]
[White "Stalmach, Richard"]
[Black "Mizrahi, Ido"]
[Result "1-0"]
[WhiteElo "1735"]
[BlackElo "1827"]
[PlyCount "69"]
[EventDate "2016.08.18"]

1. d4 d5 2. c4 c6 3. Nc3 Nf6 4. e3 e6 5. Nf3 a6 6. a4 c5 7. cxd5 exd5 8. Bd3
Nc6 9. O-O Bg4 10. Be2 Be7 11. Ne5 Bxe2 12. Nxe2 O-O 13. b3 Qc7 14. Nxc6 bxc6
15. Ba3 cxd4 16. Bxe7 Qxe7 17. Nxd4 c5 18. Nf5 Qe5 19. Ng3 Rab8 20. Rc1 Rfc8
21. Qd3 Rb6 22. Rfd1 g6 23. Rc3 Qd6 24. f3 Rcb8 25. Ne2 Rb4 26. Qc2 Qe5 27.
Rdd3 Nd7 28. Qd1 d4 29. exd4 cxd4 30. Nxd4 Nc5 31. Nc6 Qc7 32. Nxb4 Rxb4 33.
Rd5 Rh4 34. Rcxc5 Qxh2+ 35. Kf2 1-0

[Event "European Youth Chess Championship B10"]
[Site "Prague, Top Hotel Prague"]
[Date "2016.08.24"]
[Round "6.6"]
[White "Yoon, Jacob D"]
[Black "Piliposyan, Robert"]
[Result "1/2-1/2"]
[WhiteElo "1823"]
[BlackElo "1701"]
[PlyCount "140"]
[EventDate "2016.08.18"]

1. e4 c5 2. Nf3 e6 3. d4 cxd4 4. Nxd4 Nf6 5. Nc3 d6 6. Be3 Be7 7. Be2 O-O 8.
O-O Nc6 9. f4 e5 10. Nb3 exf4 11. Bxf4 Be6 12. Bf3 Ne5 13. Kh1 Nc4 14. Rb1 Rc8
15. Qd4 Nd7 16. Nd5 Bxd5 17. Qxd5 Qb6 18. Qd3 Nde5 19. Qe2 Bf6 20. c3 Rfe8 21.
Nd2 Qa6 22. Nxc4 Qxc4 23. Qxc4 Rxc4 24. Rfd1 Re6 25. Rd2 Rc6 26. Rbd1 Nc4 27.
Re2 Ne5 28. Kg1 h6 29. Kf2 b5 30. Rd5 a6 31. a3 Rc5 32. Red2 Nc4 33. Rxc5 dxc5
34. Rc2 g5 35. Bc1 Kg7 36. b3 Ne5 37. Be3 Nd3+ 38. Ke2 c4 39. bxc4 bxc4 40. Bd4
g4 41. Bxf6+ Kxf6 42. Bxg4 Rxe4+ 43. Kf3 Ke5 44. Re2 f5 45. Rxe4+ fxe4+ 46. Ke3
Ne1 47. Bc8 a5 48. a4 Nxg2+ 49. Kf2 Nf4 50. Ba6 Nd3+ 51. Ke3 Nb2 52. Bb5 Kd5
53. Be8 Nd1+ 54. Kd2 Nf2 55. Bf7+ Ke5 56. Bxc4 Kf4 57. Ke2 Ng4 58. h3 Nf6 59.
Be6 e3 60. Bb3 Ne4 61. c4 h5 62. Bc2 Nc3+ 63. Kf1 Ke5 64. h4 Kd4 65. Bg6 Nxa4
66. Bxh5 Nc3 67. Be8 a4 68. Bxa4 Nxa4 69. h5 Ke5 70. Ke2 Kf5 1/2-1/2

[Event "European Youth Chess Championship B10"]
[Site "Prague, Top Hotel Prague"]
[Date "2016.08.24"]
[Round "6.7"]
[White "Pavlov, Mark"]
[Black "Revaliente, Montoya Ciro"]
[Result "1/2-1/2"]
[WhiteElo "1538"]
[BlackElo "1768"]
[PlyCount "59"]
[EventDate "2016.08.18"]

1. d4 Nf6 2. Nf3 g6 3. Bg5 Bg7 4. c3 d5 5. Nbd2 O-O 6. e3 b6 7. Bd3 Bb7 8. O-O
Nbd7 9. b4 c5 10. bxc5 bxc5 11. Rb1 Bc6 12. h3 Re8 13. c4 dxc4 14. Bxc4 Nd5 15.
Qc2 Qc7 16. Rfc1 Rac8 17. Bh4 cxd4 18. Bxd5 Nb8 19. Bxc6 Nxc6 20. Nxd4 Bxd4 21.
exd4 Qf4 22. Bg3 Qxd4 23. Nf3 Qf6 24. Qc3 e5 25. Qe3 e4 26. Nh2 h5 27. h4 Qe6
28. Rc2 Rcd8 29. Rd2 Rxd2 30. Qxd2 1/2-1/2

[Event "European Youth Chess Championship B10"]
[Site "Prague, Top Hotel Prague"]
[Date "2016.08.24"]
[Round "6.8"]
[White "Tyurin, Artem"]
[Black "Silich, Yahor"]
[Result "1-0"]
[WhiteElo "1766"]
[BlackElo "1639"]
[PlyCount "113"]
[EventDate "2016.08.18"]

1. e4 c5 2. Nf3 Nc6 3. d4 cxd4 4. Nxd4 d5 5. Bb5 dxe4 6. Nxc6 Qxd1+ 7. Kxd1 a6
8. Ba4 Bd7 9. Nc3 Bxc6 10. Bxc6+ bxc6 11. Nxe4 O-O-O+ 12. Ke2 e5 13. Be3 f5 14.
Ng5 Rd7 15. Rad1 Nf6 16. Ne6 Nd5 17. Bc5 Bxc5 18. Nxc5 Rd6 19. Nxa6 Nf4+ 20.
Kf3 Rhd8 21. Rxd6 Rxd6 22. g3 Ne6 23. c3 c5 24. Nxc5 Nxc5 25. Ke2 Ne4 26. f3
Rd2+ 27. Ke3 Rxb2 28. fxe4 fxe4 29. Kxe4 Rxa2 30. Kxe5 Rc2 31. Kd4 Kd7 32. h3
Rg2 33. g4 Rg3 34. c4 Kd6 35. Ra1 Rxh3 36. Ra6+ Ke7 37. Kd5 Rg3 38. Ra7+ Kf6
39. c5 Rxg4 40. c6 Rg1 41. c7 Rd1+ 42. Kc6 Rc1+ 43. Kb7 g5 44. c8=Q Rxc8 45.
Kxc8 h5 46. Kc7 g4 47. Kd6 g3 48. Kd5 Kf5 49. Kd4 Kg4 50. Ke3 h4 51. Rg7+ Kh3
52. Kf3 Kh2 53. Rg8 Kh3 54. Rg4 Kh2 55. Rg8 Kh3 56. Rg4 g2 57. Rxg2 1-0

[Event "European Youth Chess Championship B10"]
[Site "Prague, Top Hotel Prague"]
[Date "2016.08.24"]
[Round "6.9"]
[White "Mitusov, Semen"]
[Black "Pidluznij, Gleb"]
[Result "1-0"]
[WhiteElo "1783"]
[BlackElo "1617"]
[PlyCount "141"]
[EventDate "2016.08.18"]

1. e4 e6 2. Nf3 d5 3. Nc3 d4 4. Ne2 c5 5. c3 Nf6 6. cxd4 cxd4 7. Nexd4 Nxe4 8.
Nxe6 Bxe6 9. Qa4+ Nc6 10. Qxe4 Qd5 11. Qxd5 Bxd5 12. Be2 Nb4 13. Kd1 Rc8 14.
Nd4 Bxg2 15. Re1 Kd8 16. d3 Bd5 17. Bg4 Rc7 18. Bf4 Re7 19. Rxe7 Bxe7 20. Rc1
Nc6 21. Nxc6+ bxc6 22. Bf5 Bf6 23. b3 Bd4 24. Be3 Bxe3 25. fxe3 g6 26. Bh3 f5
27. b4 Re8 28. Kd2 Kc7 29. Rc5 Kb6 30. a3 Bf3 31. Bf1 h5 32. h4 Bd5 33. Be2 Rg8
34. a4 g5 35. hxg5 h4 36. e4 fxe4 37. dxe4 Bxe4 38. Rc4 Re8 39. a5+ Kb7 40. Bd3
Bxd3 41. Kxd3 Rh8 42. g6 h3 43. g7 Rg8 44. Rh4 Rxg7 45. Rxh3 Rg4 46. Kc3 Ka6
47. Rh5 Kb7 48. Kb3 Rf4 49. Ka4 Re4 50. Rh7+ Kb8 51. Kb3 Rf4 52. a6 Rf1 53.
Rb7+ Kc8 54. Kc4 Rc1+ 55. Kd4 Ra1 56. Rxa7 Kb8 57. Rb7+ Kc8 58. Kc5 Rxa6 59.
Rh7 Kb8 60. Rg7 Kc8 61. Rg6 Kb7 62. Rg7+ Kc8 63. Kd6 Rb6 64. Kc5 Ra6 65. Rg6
Kb7 66. Rh6 Rb6 67. Rh7+ Ka6 68. Rh8 Kb7 69. Rb8+ Kxb8 70. Kxb6 Kc8 71. Kxc6
1-0

[Event "European Youth Chess Championship B10"]
[Site "Prague, Top Hotel Prague"]
[Date "2016.08.24"]
[Round "6.10"]
[White "Makoveev, Ilya"]
[Black "Navumenka, Mikhei"]
[Result "1-0"]
[WhiteElo "2186"]
[BlackElo "1681"]
[PlyCount "149"]
[EventDate "2016.08.18"]

1. d4 Nf6 2. c4 g6 3. g3 Bg7 4. Bg2 O-O 5. Nc3 d6 6. Nf3 Nbd7 7. O-O c6 8. e4
Qc7 9. h3 e5 10. Be3 Re8 11. Re1 Nf8 12. Qd2 Bd7 13. Rad1 Rad8 14. Qc1 Bc8 15.
Rd2 N6d7 16. Red1 exd4 17. Nxd4 Ne5 18. b3 Ne6 19. f4 Nd7 20. Ndb5 cxb5 21.
Nxb5 Qa5 22. Nxd6 Nf6 23. g4 Rf8 24. e5 Ne8 25. Nxc8 Rxc8 26. Bxb7 Rc7 27. Bd5
g5 28. f5 Nf4 29. f6 Nxf6 30. exf6 Bxf6 31. Bxf4 gxf4 32. Re2 Qc5+ 33. Kh1 Re7
34. Rxe7 Qxe7 35. Qxf4 Be5 36. Re1 Re8 37. Qf5 Qc7 38. Re2 Re7 39. Kg2 h6 40.
Rf2 Bg7 41. Qf3 Kf8 42. Re2 Rxe2+ 43. Qxe2 Be5 44. Qf3 f6 45. Qf5 Qa5 46. Qf2
Ke7 47. Bf3 Kd6 48. Qe2 Kc7 49. Qc2 Qe1 50. Qf2 Qa5 51. c5 Qb4 52. c6 Bd4 53.
Qe2 Be5 54. Qd3 Qf4 55. Qd7+ Kb6 56. Qb7+ Kc5 57. Qxa7+ Kb4 58. Qa4+ Kc5 59.
Qxf4 Bxf4 60. Kf2 Kd4 61. Ke2 Bd6 62. Kd2 Bb4+ 63. Kc2 Bd6 64. a3 Be5 65. b4
Kc4 66. Be2+ Kd5 67. b5 Bc7 68. Kc3 Kc5 69. a4 Ba5+ 70. Kd3 Kd5 71. Bf3+ Ke5
72. Kc4 Kd6 73. Kd4 Bb6+ 74. Ke4 Ke6 75. Be2 1-0

[Event "European Youth Chess Championship B10"]
[Site "Prague, Top Hotel Prague"]
[Date "2016.08.24"]
[Round "6.11"]
[White "Tham, Nam"]
[Black "Maneluk, Daniil"]
[Result "0-1"]
[WhiteElo "1698"]
[BlackElo "1991"]
[PlyCount "132"]
[EventDate "2016.08.18"]

1. e4 e6 2. d4 d5 3. Nc3 Bb4 4. e5 c5 5. a3 Bxc3+ 6. bxc3 Qc7 7. Nf3 Ne7 8. Be2
O-O 9. O-O b6 10. a4 cxd4 11. cxd4 Ba6 12. Ba3 Re8 13. Bb5 Bxb5 14. axb5 Nd7
15. Qd3 Nf8 16. Nd2 Rac8 17. Rfc1 Qc3 18. Qxc3 Rxc3 19. Bb4 Rc7 20. Bd6 Rd7 21.
c4 Nf5 22. Nb3 dxc4 23. Rxc4 Nxd6 24. exd6 Rxd6 25. Rxa7 Rd5 26. Rb4 e5 27. g3
exd4 28. Nxd4 Re4 29. Raa4 g6 30. Nc6 Rxb4 31. Rxb4 Kg7 32. Kg2 Ne6 33. h4 Nc7
34. Nd4 Rc5 35. Rb3 Rc4 36. Nc6 f5 37. Kf3 Nxb5 38. Rxb5 Rxc6 39. Rb2 Kf6 40.
Ke3 Ke6 41. Kd4 Kd6 42. f4 Kc7 43. Rb5 Rd6+ 44. Kc4 Re6 45. Rb3 Kc6 46. Rc3 b5+
47. Kb4+ Kb6 48. Rd3 Re4+ 49. Kb3 Kc5 50. Rf3 Kd4 51. Kb4 Re3 52. Rf2 Rxg3 53.
h5 Ke4 54. hxg6 hxg6 55. Kxb5 Rg4 56. Kc5 Rxf4 57. Re2+ Kf3 58. Rh2 g5 59. Kd5
g4 60. Ke5 g3 61. Rb2 Kg4 62. Ra2 Rf2 63. Ra4+ f4 64. Ra1 g2 65. Rg1 f3 66. Ke4
Rf1 0-1

[Event "European Youth Chess Championship B10"]
[Site "Prague, Top Hotel Prague"]
[Date "2016.08.24"]
[Round "6.12"]
[White "Chyzy, Jakub"]
[Black "Bui, Bao Anh Le"]
[Result "1-0"]
[WhiteElo "1775"]
[BlackElo "1659"]
[PlyCount "47"]
[EventDate "2016.08.18"]

1. e4 c5 2. Nf3 d6 3. d4 cxd4 4. Nxd4 Nf6 5. Nc3 a6 6. Be3 e5 7. Nb3 Be6 8. f3
Be7 9. Qd2 Nbd7 10. g4 b5 11. g5 Nh5 12. Nd5 Bxd5 13. exd5 Qc7 14. Na5 g6 15.
Nc6 Nb8 16. Nxe7 Kxe7 17. O-O-O Nd7 18. Kb1 Nb6 19. f4 Nc4 20. Bxc4 Qxc4 21.
fxe5 dxe5 22. b3 Qg4 23. d6+ Kd7 24. Qd5 1-0

[Event "European Youth Chess Championship B10"]
[Site "Prague, Top Hotel Prague"]
[Date "2016.08.24"]
[Round "6.13"]
[White "Ivanov, Artem"]
[Black "Levin, Guy"]
[Result "0-1"]
[WhiteElo "1689"]
[BlackElo "1774"]
[PlyCount "156"]
[EventDate "2016.08.18"]

1. d4 d5 2. c4 e6 3. Nf3 c6 4. g3 dxc4 5. Bg2 b5 6. O-O Nf6 7. a4 Bb7 8. b3
cxb3 9. Nc3 b4 10. Qxb3 a5 11. Ne5 Be7 12. Be3 Nd5 13. Nxd5 exd5 14. Rac1 O-O
15. Rc2 f6 16. Nd3 Nd7 17. Nf4 Qb6 18. Bh3 f5 19. Qd3 Ba6 20. Qb3 Bc4 21. Rxc4
dxc4 22. Qxc4+ Kh8 23. Qe6 Qd8 24. Bxf5 Rxf5 25. Qxf5 Nf6 26. Qe6 Qd7 27. Rc1
Qxe6 28. Nxe6 Rc8 29. Nc5 Nd5 30. Nb3 Nc3 31. Kf1 Bd8 32. Ra1 Bb6 33. Bd2 Ne4
34. e3 c5 35. dxc5 Nxd2+ 36. Nxd2 Rxc5 37. Ke2 Kg8 38. Kd1 Kf7 39. Rc1 Ke6 40.
Rxc5 Bxc5 41. Nb3 Bb6 42. Kd2 Kd5 43. Kd3 g5 44. f3 h5 45. h3 Bc7 46. f4 g4 47.
hxg4 hxg4 48. e4+ Ke6 49. Nd2 Bb6 50. f5+ Kf6 51. Ke2 Bc7 52. Kf2 Bb6+ 53. Kg2
Bc7 54. Nc4 b3 55. Kf2 Be5 56. Nd2 b2 57. Kg2 Ke7 58. Kf2 Kd6 59. Ke3 Kc5 60.
Kd3 Bxg3 61. f6 Be5 62. f7 Bg7 63. Kc2 g3 64. Nf3 g2 65. e5 Kd5 66. Kxb2 Ke4
67. Ng1 Kxe5 68. Kc2 Ke6 69. Kd2 Kxf7 70. Ke3 Ke6 71. Kf3 Kd5 72. Kxg2 Kc4 73.
Kf3 Kb3 74. Ke4 Kxa4 75. Kd3 Kb3 76. Nf3 Bc3 77. Ng1 a4 78. Ne2 Bb2 0-1

[Event "European Youth Chess Championship B10"]
[Site "Prague, Top Hotel Prague"]
[Date "2016.08.24"]
[Round "6.14"]
[White "Hrbek, Stepan"]
[Black "Samadov, Read"]
[Result "1/2-1/2"]
[WhiteElo "1760"]
[BlackElo "1611"]
[PlyCount "65"]
[EventDate "2016.08.18"]

1. d4 Nf6 2. c4 e6 3. g3 d5 4. Nf3 Be7 5. Bg2 O-O 6. O-O c6 7. Nc3 Nbd7 8. b3
b6 9. Bb2 Ba6 10. Nd2 b5 11. e4 bxc4 12. bxc4 Nb6 13. e5 Nfd7 14. Re1 Nxc4 15.
Nxc4 Bxc4 16. Qg4 Rb8 17. Bc1 Kh8 18. Bf1 Bxf1 19. Rxf1 c5 20. Be3 cxd4 21.
Bxd4 Bc5 22. Bxc5 Nxc5 23. Qd4 Qe7 24. Rfc1 Ne4 25. Nxe4 dxe4 26. Qxe4 Rb4 27.
Rc4 Rxc4 28. Qxc4 Rd8 29. Rc1 Qd7 30. Qc6 h6 31. Qxd7 Rxd7 32. Rc2 Kh7 33. f4
1/2-1/2